[Event "Hamburg Harburg 11th A"]
[Site "Hamburg"]
[Date "2016.10.01"]
[Round "1.3"]
[White "Kurth, Michael"]
[Black "Parvanyan, Alfred"]
[Result "1/2-1/2"]
[WhiteElo "2018"]
[BlackElo "1970"]
[PlyCount "49"]
[EventDate "2016.10.03"]
[EventType "tourn"]
[EventRounds "5"]
[EventCountry "GER"]
[SourceDate "2016.10.01"]
[WhiteTeam "Hamburger SK"]
[BlackTeam "SC Agon NeumÃ¼nster"]

1. e4 e6 2. d4 d5 3. e5 c5 4. Nf3 Nc6 5. Bd3 Nh6 6. O-O Nf5 7. c3 cxd4 8. Bxf5
exf5 9. cxd4 Be7 10. Nc3 Be6 11. Qb3 Rb8 12. a4 g5 13. Rd1 f4 14. Ne1 Qb6 15.
Qb5 Rd8 16. g3 fxg3 17. hxg3 Qc7 18. Qe2 h5 19. Nb5 Qb6 20. a5 Nxa5 21. Nd6+
Kf8 22. Rxa5 Qxa5 23. Nxb7 Qb6 24. Nxd8 Bxd8 25. Be3 1/2-1/2

[Event "Hamburg Harburg 11th A"]
[Site "Hamburg"]
[Date "2016.10.01"]
[Round "1.1"]
[White "Oganessjan, Artur"]
[Black "Pajeken, Jakob Leon"]
[Result "0-1"]
[WhiteElo "1983"]
[BlackElo "2061"]
[PlyCount "76"]
[EventDate "2016.10.03"]
[EventType "tourn"]
[EventRounds "5"]
[EventCountry "GER"]
[SourceDate "2016.10.01"]
[WhiteTeam "TuRa Harksheide"]
[BlackTeam "Hamburger SK"]

1. e4 e5 2. Nf3 Nc6 3. Bb5 a6 4. Ba4 Nf6 5. O-O Be7 6. Qe2 b5 7. Bb3 O-O 8. c3
Bb7 9. d4 exd4 10. e5 Ne8 11. cxd4 d5 12. Re1 Bc8 13. Be3 Be6 14. Nbd2 Na5 15.
Bc2 Nc4 16. b3 Nxe3 17. fxe3 c5 18. Nf1 Ra7 19. Qf2 f5 20. Qg3 Kh8 21. h4 Rc7
22. Re2 g6 23. Rd1 Ng7 24. Ng5 Bg8 25. Nf3 Ne6 26. Qh3 cxd4 27. Nxd4 Nxd4 28.
Rxd4 Bc5 29. Rf4 Be6 30. Ng3 Bxe3+ 31. Rxe3 Rxc2 32. h5 g5 33. Rxf5 Bxf5 34.
Nxf5 g4 35. Qxg4 Rg8 36. Qd4 Rcxg2+ 37. Kh1 R2g4 38. Qd3 Qg5 0-1

[Event "Hamburg Harburg 11th A"]
[Site "Hamburg"]
[Date "2016.10.01"]
[Round "1.2"]
[White "Martin, Dennis"]
[Black "Wenzel, Birger"]
[Result "0-1"]
[WhiteElo "1976"]
[BlackElo "2007"]
[PlyCount "94"]
[EventDate "2016.10.03"]
[EventType "tourn"]
[EventRounds "5"]
[EventCountry "GER"]
[SourceDate "2016.10.01"]
[WhiteTeam "SK Springer Rotenburg"]
[BlackTeam "SK Johanneum Eppendorf"]

1. c4 Nf6 2. g3 e5 3. Nc3 Bb4 4. Bg2 Bxc3 5. bxc3 O-O 6. d4 d6 7. Qc2 Re8 8.
Bg5 Nbd7 9. Nf3 h6 10. Bc1 e4 11. Nd2 Qe7 12. e3 c5 13. a4 Rb8 14. O-O Nf8 15.
f3 Bf5 16. fxe4 Bg6 17. Ra2 Nxe4 18. Nxe4 Bxe4 19. Bxe4 Qxe4 20. Qxe4 Rxe4 21.
Raf2 f6 22. Rf5 Rc8 23. dxc5 Rxc5 24. Rxc5 dxc5 25. Rf4 Re6 26. Rf5 b6 27. a5
Nd7 28. Rd5 Ne5 29. Rd8+ Kf7 30. Ra8 Re7 31. axb6 axb6 32. Ra4 Rd7 33. Kg2 Rd1
34. Ba3 Rd2+ 35. Kf1 Kg6 36. h3 Kf5 37. Ke1 Ra2 38. Kd1 Nd3 39. Ra7 Nb2+ 40.
Kc2 Nxc4+ 41. Kb3 Rxa3+ 42. Rxa3 Nxa3 43. Kxa3 Ke4 44. Kb3 Kxe3 45. Kc4 f5 46.
Kb5 g5 47. Kxb6 c4 0-1

[Event "Hamburg Harburg 11th A"]
[Site "Hamburg"]
[Date "2016.10.01"]
[Round "2.3"]
[White "Wenzel, Birger"]
[Black "Pajeken, Jakob Leon"]
[Result "1/2-1/2"]
[WhiteElo "2007"]
[BlackElo "2061"]
[PlyCount "72"]
[EventDate "2016.10.03"]
[EventType "tourn"]
[EventRounds "5"]
[EventCountry "GER"]
[SourceDate "2016.10.01"]
[WhiteTeam "SK Johanneum Eppendorf"]
[BlackTeam "Hamburger SK"]

1. d4 d5 2. c4 dxc4 3. e3 e6 4. Bxc4 c5 5. Nf3 Nf6 6. O-O a6 7. Bb3 Nc6 8. Nc3
cxd4 9. exd4 Be7 10. Bg5 O-O 11. Qd2 Na5 12. Bc2 b5 13. Rad1 Bb7 14. Qf4 g6 15.
Bh6 Re8 16. Ne5 Rc8 17. Bb1 Nc4 18. Rd3 b4 19. Ne2 Be4 20. Rh3 Bxb1 21. Rxb1
Nd6 22. Rf3 Nd5 23. Qd2 f6 24. Ng4 Nc4 25. Qd3 f5 26. Ne5 Nxe5 27. dxe5 Qc7 28.
Nf4 Qc1+ 29. Rxc1 Rxc1+ 30. Qf1 Rxf1+ 31. Kxf1 Nxf4 32. Bxf4 Rd8 33. Ke2 g5 34.
Rg3 h6 35. Bd2 Kf7 36. Rd3 Rd5 1/2-1/2

[Event "Hamburg Harburg 11th A"]
[Site "Hamburg"]
[Date "2016.10.01"]
[Round "2.1"]
[White "Kurth, Michael"]
[Black "Oganessjan, Artur"]
[Result "1/2-1/2"]
[WhiteElo "2018"]
[BlackElo "1983"]
[PlyCount "127"]
[EventDate "2016.10.03"]
[EventType "tourn"]
[EventRounds "5"]
[EventCountry "GER"]
[SourceDate "2016.10.01"]
[WhiteTeam "Hamburger SK"]
[BlackTeam "TuRa Harksheide"]

1. e4 d5 2. exd5 Nf6 3. d4 Bg4 4. Be2 Bxe2 5. Qxe2 Qxd5 6. Nf3 e6 7. Nc3 Bb4 8.
Bd2 Bxc3 9. bxc3 O-O 10. c4 Qf5 11. Bb4 Re8 12. O-O Nc6 13. Bc3 Rad8 14. Rfd1
Ne7 15. Rab1 b6 16. Rb5 Qe4 17. Re1 Qxe2 18. Rxe2 Nf5 19. Rb1 Nd6 20. Nd2 Rd7
21. h3 Red8 22. g4 c6 23. a4 Nb7 24. Nf3 c5 25. dxc5 Nxc5 26. a5 Nfe4 27. Be1
Rd1 28. Rxd1 Rxd1 29. axb6 axb6 30. Kg2 Nd6 31. Rd2 Rxd2 32. Nxd2 Kf8 33. f3
Ke7 34. Bf2 Kd7 35. Bxc5 bxc5 36. Kf2 Kc6 37. Ke3 f6 38. h4 e5 39. h5 g6 40.
hxg6 hxg6 41. Kd3 Kd7 42. Nb3 Nb7 43. Ke3 Kd6 44. Nd2 f5 45. gxf5 gxf5 46. Kd3
Nd8 47. Ke3 Ne6 48. c3 Ke7 49. Nb3 Kf6 50. Na5 Nd8 51. Nb3 Nb7 52. Nd2 Kg5 53.
Nb3 Kh4 54. f4 e4 55. Nd2 Na5 56. Nxe4 Nxc4+ 57. Kf3 fxe4+ 58. Kxe4 Nb6 59. Ke5
Kg4 60. f5 Nd7+ 61. Kd6 Kxf5 62. Kxd7 Ke4 63. Kc6 Kd3 64. Kxc5 1/2-1/2

[Event "Hamburg Harburg 11th A"]
[Site "Hamburg"]
[Date "2016.10.01"]
[Round "2.2"]
[White "Parvanyan, Alfred"]
[Black "Martin, Dennis"]
[Result "1-0"]
[WhiteElo "1970"]
[BlackElo "1976"]
[PlyCount "47"]
[EventDate "2016.10.03"]
[EventType "tourn"]
[EventRounds "5"]
[EventCountry "GER"]
[SourceDate "2016.10.01"]
[WhiteTeam "SC Agon NeumÃ¼nster"]
[BlackTeam "SK Springer Rotenburg"]

1. Nf3 c5 2. c4 Nc6 3. d4 cxd4 4. Nxd4 Nf6 5. Nc3 Qb6 6. e3 g6 7. Be2 Bg7 8.
O-O O-O 9. b3 Nxd4 10. exd4 d5 11. cxd5 Qa5 12. Bb2 Nxd5 13. Nxd5 Qxd5 14. Bf3
Qd6 15. Qe2 Rd8 16. Rfe1 e6 17. Rad1 Qb4 18. d5 Bxb2 19. Qxb2 exd5 20. Qf6 Be6
21. Rxe6 fxe6 22. Qxe6+ Kg7 23. Qe5+ Kh6 24. g4 1-0

[Event "Hamburg Harburg 11th A"]
[Site "Hamburg"]
[Date "2016.10.02"]
[Round "3.2"]
[White "Pajeken, Jakob Leon"]
[Black "Parvanyan, Alfred"]
[Result "0-1"]
[WhiteElo "2061"]
[BlackElo "1970"]
[PlyCount "54"]
[EventDate "2016.10.03"]
[EventType "tourn"]
[EventRounds "5"]
[EventCountry "GER"]
[SourceDate "2016.10.01"]
[WhiteTeam "Hamburger SK"]
[BlackTeam "SC Agon NeumÃ¼nster"]

1. e4 e6 2. d4 d5 3. Nc3 Bb4 4. e5 Ne7 5. a3 Bxc3+ 6. bxc3 c5 7. Qg4 Qc7 8.
Qxg7 Rg8 9. Qxh7 cxd4 10. Ne2 Nbc6 11. f4 dxc3 12. Qd3 d4 13. Nxd4 Nxd4 14.
Qxd4 Bd7 15. Rb1 Nf5 16. Qf2 Qc6 17. Rb4 Qd5 18. Rg1 Bc6 19. g4 O-O-O 20. Bd3
Nd4 21. Kf1 Rh8 22. Be3 Nf3 23. Rg2 Nd2+ 24. Kg1 Rh3 25. Bxa7 Qxg2+ 26. Qxg2
Bxg2 27. Kxg2 Rhxd3 0-1

[Event "Hamburg Harburg 11th A"]
[Site "Hamburg"]
[Date "2016.10.02"]
[Round "3.3"]
[White "Martin, Dennis"]
[Black "Kurth, Michael"]
[Result "1-0"]
[WhiteElo "1976"]
[BlackElo "2018"]
[PlyCount "95"]
[EventDate "2016.10.03"]
[EventType "tourn"]
[EventRounds "5"]
[EventCountry "GER"]
[SourceDate "2016.10.01"]
[WhiteTeam "SK Springer Rotenburg"]
[BlackTeam "Hamburger SK"]

1. e3 b6 2. b3 Bb7 3. Bb2 Nf6 4. f4 e6 5. Nf3 d5 6. Be2 Be7 7. O-O O-O 8. Ne5
c5 9. d3 Nc6 10. Rf3 d4 11. Nxc6 Bxc6 12. e4 Ng4 13. Bc1 f5 14. Rh3 Ne3 15.
Bxe3 dxe3 16. e5 g5 17. fxg5 Bxg5 18. c3 Rc8 19. Na3 b5 20. Nc2 f4 21. d4 Qe7
22. Bd3 Rf7 23. Qe2 Rcf8 24. Rf1 Bh4 25. Ne1 Bf2+ 26. Kh1 Qg5 27. Rh5 Qe7 28.
Qg4+ Kh8 29. Nf3 Rg8 30. Qh3 cxd4 31. cxd4 Rfg7 32. Rc1 Be8 33. Rh6 Bg6 34.
Bxg6 Rxg6 35. Rxg6 Rxg6 36. Qh5 Kg7 37. d5 exd5 38. Nd4 Rg5 39. Ne6+ Qxe6 40.
Qxg5+ Kf8 41. Qxf4+ Ke8 42. Qd4 h5 43. g3 Qf7 44. Kg2 Bxg3 45. Rc8+ Kd7 46.
Qxa7+ Kxc8 47. Qxf7 e2 48. Qg8+ 1-0

[Event "Hamburg Harburg 11th A"]
[Site "Hamburg"]
[Date "2016.10.02"]
[Round "3.1"]
[White "Oganessjan, Artur"]
[Black "Wenzel, Birger"]
[Result "0-1"]
[WhiteElo "1983"]
[BlackElo "2007"]
[PlyCount "78"]
[EventDate "2016.10.03"]
[EventType "tourn"]
[EventRounds "5"]
[EventCountry "GER"]
[SourceDate "2016.10.01"]
[WhiteTeam "TuRa Harksheide"]
[BlackTeam "SK Johanneum Eppendorf"]

1. e4 g6 2. d4 Bg7 3. f4 Nf6 4. Nc3 d5 5. e5 Ne4 6. Bd3 Nxc3 7. bxc3 O-O 8. Nf3
c5 9. Be3 c4 10. Be2 Qa5 11. Qd2 Qa4 12. O-O Bf5 13. Rfc1 Nc6 14. Nh4 Be4 15.
Bf3 Bxf3 16. Nxf3 f6 17. g4 b5 18. f5 fxe5 19. Nxe5 Nxe5 20. dxe5 Rad8 21. Bh6
d4 22. Rf1 dxc3 23. Qg5 Bxh6 24. Qxh6 Qa6 25. e6 Qb6+ 26. Kg2 Rd2+ 27. Kh3 Qd6
28. Rf4 Qe5 29. Raf1 Qg7 30. Qg5 h6 31. Qxg6 Qxg6 32. fxg6 Rxf4 33. Rxf4 Rxc2
34. Rf7 Rd2 35. g5 hxg5 36. Kg4 c2 37. Rf1 b4 38. Kxg5 Rxh2 39. Rg1 b3 0-1

[Event "Hamburg Harburg 11th A"]
[Site "Hamburg"]
[Date "2016.10.02"]
[Round "4.2"]
[White "Kurth, Michael"]
[Black "Pajeken, Jakob Leon"]
[Result "1/2-1/2"]
[WhiteElo "2018"]
[BlackElo "2061"]
[PlyCount "104"]
[EventDate "2016.10.03"]
[EventType "tourn"]
[EventRounds "5"]
[EventCountry "GER"]
[SourceDate "2016.10.01"]
[WhiteTeam "Hamburger SK"]
[BlackTeam "Hamburger SK"]

1. e4 e5 2. Nf3 Nc6 3. Bb5 a6 4. Bxc6 dxc6 5. d4 exd4 6. Qxd4 Qxd4 7. Nxd4 Bd7
8. Nc3 O-O-O 9. Nde2 Bc5 10. f3 Ne7 11. Bd2 f6 12. O-O-O Ng6 13. Nf4 Ne5 14.
Nd3 Ba7 15. Nxe5 fxe5 16. Bg5 Rde8 17. Rd3 Rhf8 18. Rhd1 Be6 19. b3 Bc5 20. Kb2
Bd6 21. h3 h6 22. Be3 b5 23. a3 Rf7 24. Bg1 g5 25. Be3 Rf6 26. Ne2 Rg8 27. Ng3
Rgg6 28. b4 Rf8 29. Rc3 Kb7 30. Bc5 Bc8 31. Rcd3 Bxc5 32. bxc5 Rgg8 33. Kc3 Be6
34. Kb4 a5+ 35. Kc3 Kc8 36. Kb2 Rf7 37. R3d2 Rgf8 38. Nh5 Re7 39. Ng3 Bd7 40.
Rd3 Rff7 41. Nh5 Re6 42. Ng3 Re8 43. Nh5 Ree7 44. Ng3 Rh7 45. Nh5 Ref7 46. R3d2
Rf8 47. Rd3 Kd8 48. R3d2 Rff7 49. Rd3 Ke8 50. R3d2 Rf8 51. Rd3 Re7 52. R3d2
Rff7 1/2-1/2

[Event "Hamburg Harburg 11th A"]
[Site "Hamburg"]
[Date "2016.10.02"]
[Round "4.3"]
[White "Parvanyan, Alfred"]
[Black "Wenzel, Birger"]
[Result "1-0"]
[WhiteElo "1970"]
[BlackElo "2007"]
[PlyCount "73"]
[EventDate "2016.10.03"]
[EventType "tourn"]
[EventRounds "5"]
[EventCountry "GER"]
[SourceDate "2016.10.01"]
[WhiteTeam "SC Agon NeumÃ¼nster"]
[BlackTeam "SK Johanneum Eppendorf"]

1. Nf3 Nf6 2. c4 c5 3. d4 cxd4 4. Nxd4 e6 5. g3 d5 6. Bg2 e5 7. Nb3 dxc4 8.
Qxd8+ Kxd8 9. Na5 Kc7 10. Nxc4 Bb4+ 11. Bd2 Bxd2+ 12. Nbxd2 Re8 13. Rc1 Nc6 14.
O-O Bd7 15. Na5 e4 16. Ndb3 Rac8 17. Nc5 Nxa5 18. Nxd7+ Nc6 19. Nxf6 gxf6 20.
Rfd1 f5 21. Rd5 Rcd8 22. Rxf5 Re7 23. Rfc5 Kb6 24. h4 Nd4 25. Kf1 e3 26. R5c3
exf2 27. Rd1 Red7 28. Rcd3 Nf5 29. Kxf2 Nd6 30. Bh3 Ne4+ 31. Kf3 Rxd3+ 32. Rxd3
Nd2+ 33. Kf4 Rxd3 34. exd3 Kc5 35. Ke3 Nb1 36. d4+ Kc4 37. Bf5 1-0

[Event "Hamburg Harburg 11th A"]
[Site "Hamburg"]
[Date "2016.10.02"]
[Round "4.1"]
[White "Martin, Dennis"]
[Black "Oganessjan, Artur"]
[Result "1-0"]
[WhiteElo "1976"]
[BlackElo "1983"]
[PlyCount "77"]
[EventDate "2016.10.03"]
[EventType "tourn"]
[EventRounds "5"]
[EventCountry "GER"]
[SourceDate "2016.10.01"]
[WhiteTeam "SK Springer Rotenburg"]
[BlackTeam "TuRa Harksheide"]

1. c4 e5 2. Nc3 Nf6 3. g3 c6 4. Bg2 d5 5. d4 e4 6. Bg5 Be6 7. cxd5 cxd5 8. Qb3
Qd7 9. Bxf6 gxf6 10. e3 Nc6 11. a3 Be7 12. Nge2 O-O 13. Nf4 Rfd8 14. O-O Rac8
15. Qd1 f5 16. Rc1 Na5 17. h4 Nc4 18. Qe2 Rc6 19. Nb1 Rdc8 20. b4 b5 21. Rc3 a5
22. bxa5 Qa7 23. Rfc1 Qxa5 24. Qd1 b4 25. axb4 Bxb4 26. R3c2 R6c7 27. Qh5 Kh8
28. Qe2 Bd7 29. Ra2 Qb5 30. Nc3 Bxc3 31. Rxc3 Qb1+ 32. Kh2 Ne5 33. dxe5 Rxc3
34. Rb2 Qa1 35. Nxd5 R3c6 36. Nf6 Be6 37. Qh5 Kg7 38. Qg5+ Kh8 39. Qh6 1-0

[Event "Hamburg Harburg 11th A"]
[Site "Hamburg"]
[Date "2016.10.03"]
[Round "5.2"]
[White "Wenzel, Birger"]
[Black "Kurth, Michael"]
[Result "1-0"]
[WhiteElo "2007"]
[BlackElo "2018"]
[PlyCount "93"]
[EventDate "2016.10.03"]
[EventType "tourn"]
[EventRounds "5"]
[EventCountry "GER"]
[SourceDate "2016.10.01"]
[WhiteTeam "SK Johanneum Eppendorf"]
[BlackTeam "Hamburger SK"]

1. d4 Nf6 2. c4 e5 3. dxe5 Ng4 4. Bf4 Bb4+ 5. Nd2 Nc6 6. Ngf3 Qe7 7. e3 Ngxe5
8. Nxe5 Nxe5 9. Be2 d6 10. O-O Ng6 11. Qa4+ Kf8 12. Qxb4 Nxf4 13. exf4 Qxe2 14.
Rfe1 Qh5 15. Ne4 h6 16. c5 dxc5 17. Nxc5 Kg8 18. Re7 Qd5 19. Qe4 Qxe4 20. Nxe4
f5 21. Ng3 h5 22. Rae1 Rh6 23. Re8+ Kh7 24. Nxf5 Rf6 25. Ne7 Rxf4 26. Rxc8 Rxc8
27. Nxc8 a6 28. Ne7 Rd4 29. Nf5 Rd2 30. Rb1 g5 31. Kf1 h4 32. Ke1 Rd5 33. Ne3
Ra5 34. a3 Re5 35. Rd1 Re7 36. Rd5 Kg6 37. h3 b6 38. Ke2 Re6 39. b4 c6 40. Rd7
Kh5 41. Rh7+ Kg6 42. Ra7 c5 43. bxc5 bxc5 44. Rc7 Rb6 45. Rxc5 Rb2+ 46. Kf3 Rb6
47. Kg4 1-0

[Event "Hamburg Harburg 11th A"]
[Site "Hamburg"]
[Date "2016.10.03"]
[Round "5.3"]
[White "Pajeken, Jakob Leon"]
[Black "Martin, Dennis"]
[Result "1/2-1/2"]
[WhiteElo "2061"]
[BlackElo "1976"]
[PlyCount "116"]
[EventDate "2016.10.03"]
[EventType "tourn"]
[EventRounds "5"]
[EventCountry "GER"]
[SourceDate "2016.10.01"]
[WhiteTeam "Hamburger SK"]
[BlackTeam "SK Springer Rotenburg"]

1. e4 c5 2. Nf3 d6 3. d4 cxd4 4. Nxd4 Nf6 5. Nc3 g6 6. Be3 Bg7 7. f3 a6 8. Qd2
h5 9. a4 Nbd7 10. Bd3 Ne5 11. O-O Nxd3 12. cxd3 O-O 13. Nde2 Kh7 14. Kh1 e5 15.
d4 Ng8 16. Rad1 Be6 17. d5 Bd7 18. f4 f5 19. fxe5 dxe5 20. Bg5 Qe8 21. b3 Nf6
22. exf5 gxf5 23. Ng3 Qg6 24. Bxf6 Bxf6 25. Rf2 Bh4 26. Rff1 Bxg3 27. hxg3 Qxg3
28. Rf3 Qg6 29. Qe2 f4 30. Qxe5 Bg4 31. Rg1 Rae8 32. Qd4 Bxf3 33. gxf3 Qf6 34.
Qxf6 Rxf6 35. Ne4 Rg6 36. Rc1 Re7 37. d6 Rd7 38. Rc5 Kg7 39. Rf5 Rdxd6 40. Nxd6
Rxd6 41. Rxf4 Rb6 42. b4 Rf6 43. Rh4 Rxf3 44. Rxh5 Rf4 45. b5 Rxa4 46. bxa6
Rxa6 47. Rb5 Rh6+ 48. Kg2 b6 49. Kf3 Re6 50. Rb4 Kf6 51. Rf4+ Ke7 52. Re4 Rxe4
53. Kxe4 Kd6 54. Kd4 Kc6 55. Kc4 b5+ 56. Kb4 Kb6 57. Kb3 Kc5 58. Kc3 b4+
1/2-1/2

[Event "Hamburg Harburg 11th A"]
[Site "Hamburg"]
[Date "2016.10.03"]
[Round "5.1"]
[White "Oganessjan, Artur"]
[Black "Parvanyan, Alfred"]
[Result "0-1"]
[WhiteElo "1983"]
[BlackElo "1970"]
[PlyCount "82"]
[EventDate "2016.10.03"]
[EventType "tourn"]
[EventRounds "5"]
[EventCountry "GER"]
[SourceDate "2016.10.01"]
[WhiteTeam "TuRa Harksheide"]
[BlackTeam "SC Agon NeumÃ¼nster"]

1. Nf3 Nf6 2. e3 g6 3. d4 Bg7 4. c4 d6 5. b3 O-O 6. Bb2 c6 7. Nbd2 Nbd7 8. Be2
Qc7 9. O-O e5 10. Rc1 Re8 11. Qc2 exd4 12. Nxd4 a5 13. Rfd1 Nc5 14. Bf3 Qe7 15.
a3 Nfd7 16. b4 axb4 17. axb4 Na4 18. Ba1 Ne5 19. Be2 c5 20. Nb5 cxb4 21. Nb3
Ra6 22. Rd2 Nc5 23. Nxc5 dxc5 24. Rcd1 Bf5 25. e4 Be6 26. f4 Nxc4 27. Bxg7 Nxd2
28. Be5 Ra2 29. Qd3 Rd8 30. Nd4 cxd4 31. Rxd2 Rxd2 32. Qxd2 Qc5 33. Bd3 Qc3 34.
Qe2 Ra8 35. h3 Ra2 36. Qf3 Rd2 37. Qg3 f6 38. Qh4 fxe5 39. Qd8+ Kf7 40. fxe5
Qc8 41. Qf6+ Kg8 0-1

[Event "Hamburg Harburg 11th B"]
[Site "Hamburg"]
[Date "2016.10.01"]
[Round "1.2"]
[White "Rudolph, Jens Erik"]
[Black "Gremmel, Jonas Simon"]
[Result "1-0"]
[WhiteElo "1946"]
[BlackElo "1814"]
[PlyCount "79"]
[EventDate "2016.10.03"]
[EventType "swiss"]
[EventRounds "5"]
[EventCountry "GER"]
[SourceDate "2016.10.01"]
[WhiteTeam "Barmbeker SK"]
[BlackTeam "Schachfreunde HH"]

1. e4 e5 2. Nf3 Nc6 3. Nc3 Nf6 4. g3 Bc5 5. Bg2 d6 6. h3 a6 7. d3 O-O 8. O-O
Nd4 9. Nh4 g6 10. Kh2 Nh5 11. Bh6 Re8 12. Nf5 Nxf5 13. exf5 Ng7 14. Ne4 f6 15.
fxg6 hxg6 16. Nxc5 dxc5 17. Be3 Qe7 18. Bd5+ Kh7 19. Rh1 c6 20. Bg2 Nf5 21. Qd2
Rh8 22. Qc3 Nd4 23. Rae1 Be6 24. f4 exf4 25. Bxf4 Qd7 26. Qxc5 Rad8 27. h4 Rhe8
28. Be4 Qf7 29. Qh5+ Kg7 30. Bh6+ Kh7 31. Be3+ Kg8 32. Bxg6 Nf3+ 33. Kg2 Nxe1+
34. Rxe1 Bd5+ 35. Kh2 Qd7 36. Bxe8 Rxe8 37. Qg6+ Kh8 38. Qxf6+ Kh7 39. Qh6+ Kg8
40. Qg6+ 1-0

[Event "Hamburg Harburg 11th B"]
[Site "Hamburg"]
[Date "2016.10.01"]
[Round "1.1"]
[White "Schwarzkopf, Joerg"]
[Black "Albers, Andreas"]
[Result "1/2-1/2"]
[WhiteElo "1815"]
[BlackElo "1954"]
[PlyCount "75"]
[EventDate "2016.10.03"]
[EventType "swiss"]
[EventRounds "5"]
[EventCountry "GER"]
[SourceDate "2016.10.01"]
[WhiteTeam "TV Fischbek"]
[BlackTeam "Hamburger SK"]

1. e4 e6 2. d3 d5 3. Qe2 dxe4 4. dxe4 b6 5. Nd2 Ba6 6. Nc4 Nf6 7. Nf3 Be7 8. c3
O-O 9. Qc2 h6 10. Bd2 Nbd7 11. O-O-O Qc8 12. Nce5 Bxf1 13. Rhxf1 Nxe5 14. Nxe5
c5 15. h3 Qc7 16. f4 Rad8 17. g4 Nh7 18. Be3 b5 19. Qf2 Nf6 20. Qc2 Qb7 21. g5
hxg5 22. Rxd8 Rxd8 23. fxg5 Qxe4 24. Qxe4 Nxe4 25. Nxf7 Rd3 26. Bg1 Rxh3 27. g6
Rg3 28. Ne5 Bd6 29. Nf7 Bc7 30. Bh2 Rxg6 31. Bxc7 b4 32. cxb4 cxb4 33. Ba5 Nc5
34. Rf3 Rg1+ 35. Kc2 Rg2+ 36. Kc1 Rg1+ 37. Kc2 Rg2+ 38. Kc1 1/2-1/2

[Event "Hamburg Harburg 11th B"]
[Site "Hamburg"]
[Date "2016.10.01"]
[Round "1.4"]
[White "Woelk, Tom Frederic"]
[Black "Lochmann, Viktor"]
[Result "1-0"]
[WhiteElo "1983"]
[BlackElo "1701"]
[PlyCount "71"]
[EventDate "2016.10.03"]
[EventType "swiss"]
[EventRounds "5"]
[EventCountry "GER"]
[SourceDate "2016.10.01"]
[WhiteTeam "SC Diogenes e.V."]
[BlackTeam "TV Fischbek"]

1. e4 d6 2. d4 Nf6 3. Nc3 g6 4. Nf3 Bg7 5. Bc4 O-O 6. O-O Nc6 7. h3 Na5 8. Be2
b6 9. Be3 c5 10. a3 Nd7 11. Qd2 Nc6 12. d5 Nce5 13. Nxe5 Bxe5 14. f4 Bg7 15. f5
Ne5 16. Bh6 f6 17. Nd1 Rf7 18. Bxg7 Kxg7 19. Ne3 Qf8 20. g3 Kg8 21. Ng4 g5 22.
Nxe5 dxe5 23. d6 Bb7 24. Bc4 exd6 25. Bxf7+ Kxf7 26. Qe2 Rd8 27. Rad1 Ke7 28.
Rd2 d5 29. exd5 Rxd5 30. Rfd1 Qa8 31. Rxd5 Bxd5 32. Qd2 Bh1 33. Qd6+ Kf7 34.
Qe6+ Kg7 35. Rd7+ Kh6 36. Qxf6+ 1-0

[Event "Hamburg Harburg 11th B"]
[Site "Hamburg"]
[Date "2016.10.01"]
[Round "1.5"]
[White "Seidemann, Richard"]
[Black "Schoettker, Jochen"]
[Result "0-1"]
[WhiteElo "1061"]
[BlackElo "1853"]
[PlyCount "60"]
[EventDate "2016.10.03"]
[EventType "swiss"]
[EventRounds "5"]
[EventCountry "GER"]
[SourceDate "2016.10.01"]
[WhiteTeam "SF Heidelberg"]
[BlackTeam "SC Schwarz-WeiÃŸ Northeim"]

1. e4 e6 2. Nf3 d5 3. exd5 exd5 4. d4 Nf6 5. Nc3 Bg4 6. Bb5+ c6 7. Ba4 Bb4 8.
O-O O-O 9. h3 Bh5 10. Bd2 Nbd7 11. a3 Ba5 12. b4 Bc7 13. Ne2 Bxf3 14. gxf3 Nh5
15. f4 Qh4 16. Kh2 Nxf4 17. Nxf4 Bxf4+ 18. Bxf4 Qxf4+ 19. Kh1 Rae8 20. Qg4 Qxg4
21. hxg4 Re4 22. Rae1 Rfe8 23. Rxe4 Rxe4 24. c3 Rxg4 25. Re1 Re4 26. Rg1 Re2
27. f4 Re3 28. Kh2 Rxc3 29. Re1 Kf8 30. b5 Nb6 0-1

[Event "Hamburg Harburg 11th B"]
[Site "Hamburg"]
[Date "2016.10.01"]
[Round "1.3"]
[White "Baldauf, Karsten"]
[Black "Lebiedz, Oliver"]
[Result "0-1"]
[WhiteElo "1654"]
[BlackElo "1876"]
[PlyCount "64"]
[EventDate "2016.10.03"]
[EventType "swiss"]
[EventRounds "5"]
[EventCountry "GER"]
[SourceDate "2016.10.01"]
[WhiteTeam "SV Bad Bevensen"]
[BlackTeam "SK Springer Rotenburg"]

1. c4 e5 2. Nc3 Nc6 3. g3 f5 4. Bg2 Nf6 5. e3 d5 6. Nxd5 Nxd5 7. cxd5 Nb4 8.
Qb3 c6 9. a3 Nxd5 10. Ne2 b6 11. O-O Be6 12. d4 e4 13. Qd1 Bd6 14. Nc3 O-O 15.
f3 exf3 16. Bxf3 Bc7 17. e4 Nxc3 18. bxc3 Bc4 19. Be2 Bxe2 20. Qxe2 fxe4 21.
Rxf8+ Qxf8 22. Qc4+ Qf7 23. Qxc6 Rf8 24. Be3 Qf3 25. Qc4+ Kh8 26. Rf1 Qxe3+ 27.
Kh1 Rxf1+ 28. Qxf1 Qf3+ 29. Kg1 Qxf1+ 30. Kxf1 Kg8 31. Ke2 Kf7 32. Ke3 b5 0-1

[Event "Hamburg Harburg 11th B"]
[Site "Hamburg"]
[Date "2016.10.01"]
[Round "2.1"]
[White "Schoettker, Jochen"]
[Black "Rudolph, Jens Erik"]
[Result "1/2-1/2"]
[WhiteElo "1853"]
[BlackElo "1946"]
[PlyCount "76"]
[EventDate "2016.10.03"]
[EventType "swiss"]
[EventRounds "5"]
[EventCountry "GER"]
[SourceDate "2016.10.01"]
[WhiteTeam "SC Schwarz-WeiÃŸ Northeim"]
[BlackTeam "Barmbeker SK"]

1. Nf3 d6 2. d4 f5 3. g3 Nf6 4. Bg2 e6 5. O-O Be7 6. c4 O-O 7. b3 Ne4 8. Nfd2
Nxd2 9. Nxd2 Bf6 10. Bb2 Nc6 11. e3 e5 12. dxe5 dxe5 13. e4 f4 14. Nf3 Qe7 15.
Qe2 Bg4 16. h3 Bxf3 17. Bxf3 fxg3 18. fxg3 Rad8 19. Rad1 Qc5+ 20. Kg2 Nd4 21.
Bxd4 exd4 22. Qd3 Bg5 23. Bg4 Be3 24. Rxf8+ Rxf8 25. Rf1 Qa3 26. Be6+ Kh8 27.
Rxf8+ Qxf8 28. Qf1 Qxf1+ 29. Kxf1 g5 30. Ke2 c5 31. Bc8 b6 32. Be6 Kg7 33. Bf5
h5 34. Kd3 Kf6 35. Ke2 Ke5 36. Bg6 h4 37. gxh4 gxh4 38. Bf5 Kf4 1/2-1/2

[Event "Hamburg Harburg 11th B"]
[Site "Hamburg"]
[Date "2016.10.01"]
[Round "2.3"]
[White "Albers, Andreas"]
[Black "Baldauf, Karsten"]
[Result "1/2-1/2"]
[WhiteElo "1954"]
[BlackElo "1654"]
[PlyCount "106"]
[EventDate "2016.10.03"]
[EventType "swiss"]
[EventRounds "5"]
[EventCountry "GER"]
[SourceDate "2016.10.01"]
[WhiteTeam "Hamburger SK"]
[BlackTeam "SV Bad Bevensen"]

1. e4 c5 2. Nf3 Nc6 3. d4 cxd4 4. Nxd4 e6 5. Nc3 a6 6. Be3 Bb4 7. Be2 Nge7 8.
O-O Bxc3 9. bxc3 O-O 10. f4 d5 11. e5 Na5 12. Rf3 Nc4 13. Bf2 Qe8 14. Nb3 b5
15. Rb1 Bb7 16. Nd4 Rc8 17. Bd3 h6 18. Rh3 Ng6 19. Qg4 Nd2 20. Bxg6 Nxb1 21.
Bd3 f5 22. exf6 Rxf6 23. Bh4 Qf7 24. Bxf6 Qxf6 25. Rg3 Re8 26. Bg6 Re7 27. Qf3
Nd2 28. Qe3 Ne4 29. Bxe4 dxe4 30. Rh3 e5 31. fxe5 Rxe5 32. Rg3 Re7 33. Qf2
Qxf2+ 34. Kxf2 e3+ 35. Rxe3 Rxe3 36. Kxe3 Bxg2 37. Nb3 Kf7 38. Nc5 a5 39. Kd4
Kf6 40. Nd3 Bc6 41. Ne5 Be8 42. Nf3 g5 43. Kc5 h5 44. Nd2 Ke5 45. c4 bxc4 46.
Nxc4+ Kf4 47. Nxa5 g4 48. Nc4 g3 49. hxg3+ Kxg3 50. Ne3 Kf4 51. Ng2+ Kg3 52.
Ne3 Kf4 53. Ng2+ Kg3 1/2-1/2